000
00194 a2200097 4500
001
24773
100
_a
Tatnall
245
_a
Tatnall on testing
260
_a
_b
ASM
_c
1966
090
_c
16739
_d
16739
942
_a
NUST-CAE
_c
M
_c
7490
999
_c
259846
_d
259846